Diseño de un sistema de gestión administrativa para implementar logísitca inversa en el (Registro nro. 2537)

Detalles MARC
000 -LEADER
campo de control de longitud fija 02283nam a22003857a 4500
001 - NÚMERO DE CONTROL
campo de control 42835
003 - IDENTIFICADOR DE NÚMERO DE CONTROL
campo de control gtgccic
005 - FECHA Y HORA DE LA ÚLTIMA TRANSACCIÓN
campo de control 20251121120021.0
007 - CAMPO FIJO DE DESCRIPCIÓN FÍSICA--INFORMACIÓN GENERAL
campo de control de longitud fija ta
008 - DATOS DE LONGITUD FIJA--INFORMACIÓN GENERAL
campo de control de longitud fija 251121b gt ||||| |||| 00| 0 spa d
040 ## - FUENTE DE CATALOGACIÓN
Centro catalogador/agencia de origen gtgccic
Lengua de catalogación spa
Centro/agencia transcriptor gtgccic
Normas de descripción rda
084 ## - OTRO NÚMERO DE CLASIFICACIÓN
Número de control del registro de autoridad o número normalizado TPI-17-0123
100 10 - ENTRADA PRINCIPAL--NOMBRE DE PERSONA
Nombre de persona Jayro David Liú Rodríguez
Fechas asociadas al nombre Ingeniero Mecánico
Término indicativo de función/relación autor
245 10 - MENCIÓN DEL TÍTULO
Título Diseño de un sistema de gestión administrativa para implementar logísitca inversa en el
Resto del título departamento de generación de energía, en Ingenio La Unión /
Mención de responsabilidad, etc. Liú Rodríguez, Jayro David
264 #1 - PRODUCCIÓN, PUBLICACIÓN, DISTRIBUCIÓN, FABRICACIÓN Y COPYRIGHT
Producción, publicación, distribución, fabricación y copyright Guatemala, Guatemala :
Nombre del de productor, editor, distribuidor, fabricante USAC, Facultad de Ingeniería ;
Fecha de producción, publicación, distribución, fabricación o copyright 2017.-
300 ## - DESCRIPCIÓN FÍSICA
Extensión xxviii, 171 p. :
Otras características físicas il. ;
Dimensiones 27 cm
336 ## - TIPO DE CONTENIDO
Fuente rdacontenido
Término de tipo de contenido Texto
Código de tipo de contenido txt
337 ## - TIPO DE MEDIO
Fuente rdamedio
Nombre/término del tipo de medio sin mediación
Código del tipo de medio n
338 ## - TIPO DE SOPORTE
Fuente rdasoporte
Nombre/término del tipo de soporte volumen
Código del tipo de soporte nc
502 ## - NOTA DE TESIS
Nota de tesis Tesis Postgrado
Tipo de título MAESTRO EN GESTIÓN INDUSTRIAL
Nombre de la institución que otorga el título USAC, Facultad de Ingeniería, Escuela de Postgrado
Año de obtención del título 2017
Identificador de la tesis TPI-17-0123
504 ## - NOTA DE BIBLIOGRAFÍA, ETC.
Nota de bibliografía, etc. Nota Bibliografía pag. 167
505 ## - NOTA DE CONTENIDO CON FORMATO
Título 1. MARCO TEÓRICO (Ingenio La Unión)
505 ## - NOTA DE CONTENIDO CON FORMATO
Título 2. DIAGNÓSTICO DEL ÁREA DE GENERACIÓN DE ENERGÍA
505 ## - NOTA DE CONTENIDO CON FORMATO
Título 3. DISEÑO DEL SISTEMA DE LOGÍSTICA INVERSA -SLI-
505 ## - NOTA DE CONTENIDO CON FORMATO
Título 4. MODELO DE GESTIÓN ADMINISTRATIVO PARA IMPLEMENTAR LOGÍSTICA INVERSA
505 ## - NOTA DE CONTENIDO CON FORMATO
Título 5. PRESENTACIÓN DE RESULTADOS
505 ## - NOTA DE CONTENIDO CON FORMATO
Título 6. DISCUSIÓN DE RESULTADOS
520 #3 - RESUMEN, ETC.
Sumario, etc. En el estudio se presenta el desarrollo de una investigación realizada en un ingenio azucarero en la industria de Guatemala, específicamente en el departamento de Generación de Energía. La investigación se formuló en dos enfoques, cuantitativa y cualitativa; la primera, se realizó por medio de una serie de encuestas, haciendo consultas de los Productos Fuera de Uso -PFU- que se manejan en las diferentes áreas de trabajo, específicamente en la existencia, puntos y flujos críticos. En el aspecto cuantitativo, se realizó una visita a campo, por medio de la observación y verificación el investigador definió la cantidad de PFU y puntos críticos en un área establecida hasta determinar los costos asociados.
650 ## - PUNTO DE ACCESO ADICIONAL DE MATERIA--TÉRMINO DE MATERIA
Término de materia o nombre geográfico como elemento de entrada GESTIÓN
650 ## - PUNTO DE ACCESO ADICIONAL DE MATERIA--TÉRMINO DE MATERIA
Término de materia o nombre geográfico como elemento de entrada LOGÍSTICA
650 ## - PUNTO DE ACCESO ADICIONAL DE MATERIA--TÉRMINO DE MATERIA
Término de materia o nombre geográfico como elemento de entrada GENERACIÓN DE ENERGÍA
700 ## - ENTRADA AGREGADA--NOMBRE PERSONAL
Nombre de persona M.A. Inga. Ericka Nathalie López Torres
Término indicativo de función/relación asesor
942 ## - ELEMENTOS DE ENTRADA SECUNDARIOS (KOHA)
Fuente de la clasificación o esquema de estantería Clasificación Decimal Dewey
Tipo de ítem Koha TESISPOSTGRADO
945 ## - PROCESAMIENTO DE INFORMACIÓN LOCAL (OCLC)
a amlo
Existencias
Estatus retirado Estado de pérdida Fuente de la clasificación o esquema de estantería Estado de daño No para préstamo Biblioteca de origen Biblioteca actual Fecha de adquisición Número de inventario Total de préstamos Signatura topográfica completa Código de barras Visto por última vez Precio de reemplazo Tipo de ítem Koha Nota pública
    Clasificación Decimal Dewey     CENTRO DE INFORMACIÓN A LA CONSTRUCCIÓN-CICON CENTRO DE INFORMACIÓN A LA CONSTRUCCIÓN-CICON 21/11/2025 P20170123   TPI-17-0123 20170123 21/11/2025 21/11/2025 TESISPOSTGRADO disponible